000 00525nam a2200181Ia 4500
999 _c37281
_d37281
003 OSt
005 20201013155835.0
008 190216s9999||||xx |||||||||||||| ||und||
020 _a9788191052572
040 _coclc
082 _a338.479154
_bPAT/B
100 _aPatel, K N
_95667
245 0 _aBusiness Of Tourism /
_cK N Patel
260 _bAkhand Publishing House,
_c2010.
_aNew Delhi:
300 _a258p
650 _aTravel&Amp;Tourism
942 _cBK
_2ddc
_h338.479154
_iPAT/B
_k338.479154
_mPAT/B